000
00293nam a22001337a 4500
008
170608b xxu||||| |||| 00| 0 eng d
020
_a
9780691016269
041
_a
eng
080
_a
338
100
_a
18
101
_a
SHP
245
_a
CURRENCY AND COERCION
_c
KIRSHNER.J
942
_2
udc
_c
BK
999
_c
16580
_d
16580